JAKI POSIŁEK NAUCZYLIŚMY SIĘ PRYZGOTOWYWAĆ JAKO PIERWSZY W ŻYCIU? - Statystyki

Ogólne statystyki
  • Ten quiz został rozwiązany 80 razy
  • Średni wynik to 2 z 6
Statystyki odpowiedzi
Odpowiedź % Poprawnych
JAJECZNICA
84%
KANAPKI
70%
PARÓWKI
39%
SAŁATKA
21%
ZUPKA CHIŃSKA
16%
PŁATKI ŚNIADANIOWE
6%
Nie znaleziono quizów pasujących do podanych kryteriów
Rozkład punktacji
Procent ludzi z każdym wynikiem
Percentyl według liczby udzielonych odpowiedzi
Twoja historia wyników
Nie rozwiązałeś tego quizu